<?xml version="1.0" encoding="UTF-8"?>
<record
    xmlns:xsi="http://www.w3.org/2001/XMLSchema-instance"
    xsi:schemaLocation="http://www.loc.gov/MARC21/slim http://www.loc.gov/standards/marcxml/schema/MARC21slim.xsd"
    xmlns="http://www.loc.gov/MARC21/slim">

  <leader>01524nam a2200289 a 4500</leader>
  <controlfield tag="008">110725s2011    sp a   f |||| 00| 0 spa d</controlfield>
  <datafield tag="020" ind1=" " ind2=" ">
    <subfield code="a">9788478855070</subfield>
  </datafield>
  <datafield tag="041" ind1=" " ind2=" ">
    <subfield code="a">spa</subfield>
  </datafield>
  <datafield tag="092" ind1=" " ind2=" ">
    <subfield code="c">615</subfield>
    <subfield code="l">81</subfield>
    <subfield code="s">STA</subfield>
  </datafield>
  <datafield tag="100" ind1="1" ind2=" ">
    <subfield code="a">Sthal, Stephen M.</subfield>
    <subfield code="9">80</subfield>
  </datafield>
  <datafield tag="245" ind1=" " ind2=" ">
    <subfield code="a">Psicofarmacolog&#xED;a Esencial de Stahl. </subfield>
    <subfield code="b">T.2 Bases neurocient&#xED;ficas y aplicaciones pr&#xE1;cticas /</subfield>
    <subfield code="c">Stephen M. Stahl</subfield>
  </datafield>
  <datafield tag="250" ind1=" " ind2=" ">
    <subfield code="a">3a ed.</subfield>
    <subfield code="b">Traducci&#xF3;n El&#xED;as Garc&#xED;a Mart&#xED;n de la Fuente ; Antonio P&#xE9;rez Nevot ; Patricia Alcindor Huelva ; Francisco Izquierdo Morej&#xF3;n ; Margarita Pascual P&#xE9;rez ; Luc&#xED;a Villoria Borrego ; Bel&#xE9;n Poza Cano ; Beatr&#xED;a Ba&#xF3;n P&#xE9;rez y Luis Beato fern&#xE1;ndez. Ilustraciones: Nancy Muntner</subfield>
  </datafield>
  <datafield tag="260" ind1=" " ind2=" ">
    <subfield code="a">Madrid:</subfield>
    <subfield code="b">AulaM&#xE9;dica;</subfield>
    <subfield code="c">2011.</subfield>
  </datafield>
  <datafield tag="300" ind1=" " ind2=" ">
    <subfield code="a">453-1011 p.</subfield>
    <subfield code="b">il.</subfield>
  </datafield>
  <datafield tag="500" ind1=" " ind2=" ">
    <subfield code="a">Sthal, S. M. (2011). Psicofarmacolog&#xED;a Esencial de Stahl. T.2 Bases neurocient&#xED;ficas y aplicaciones pr&#xE1;cticas. (3a ed.) Madrid : AulaM&#xE9;dica.</subfield>
  </datafield>
  <datafield tag="590" ind1=" " ind2=" ">
    <subfield code="a">Donaci&#xF3;n Dr. Miguel Vera, Julio 2011</subfield>
  </datafield>
  <datafield tag="653" ind1=" " ind2=" ">
    <subfield code="a">Trastornos del estado de &#xE1;nimo</subfield>
  </datafield>
  <datafield tag="653" ind1=" " ind2=" ">
    <subfield code="a">Antidepresivos</subfield>
  </datafield>
  <datafield tag="653" ind1=" " ind2=" ">
    <subfield code="a">Estabilizadores del &#xE1;nimo</subfield>
  </datafield>
  <datafield tag="653" ind1=" " ind2=" ">
    <subfield code="a">Trastornos de ansiedad y ansiol&#xED;ticos</subfield>
  </datafield>
  <datafield tag="653" ind1=" " ind2=" ">
    <subfield code="a">Dolor y tratamiento de la fibromialgia y de los sindromes funcionales som&#xE1;ticos</subfield>
  </datafield>
  <datafield tag="653" ind1=" " ind2=" ">
    <subfield code="a">Trastornos del sue&#xF1;o y de la vigilia y sus tratamientos</subfield>
  </datafield>
  <datafield tag="653" ind1=" " ind2=" ">
    <subfield code="a">trastorno por deficit de atenci&#xF3;n con hiperactividad y su tratamiento</subfield>
  </datafield>
  <datafield tag="653" ind1=" " ind2=" ">
    <subfield code="a">Demencia y su tratamiento</subfield>
  </datafield>
  <datafield tag="653" ind1=" " ind2=" ">
    <subfield code="a">Trastorno de la recompensa, abuso de drogas y su tratamiento</subfield>
  </datafield>
  <datafield tag="942" ind1=" " ind2=" ">
    <subfield code="2">ddc</subfield>
    <subfield code="c">BK</subfield>
  </datafield>
  <datafield tag="999" ind1=" " ind2=" ">
    <subfield code="c">878</subfield>
    <subfield code="d">878</subfield>
  </datafield>
  <datafield tag="952" ind1=" " ind2=" ">
    <subfield code="0">0</subfield>
    <subfield code="1">0</subfield>
    <subfield code="2">ddc</subfield>
    <subfield code="4">0</subfield>
    <subfield code="7">0</subfield>
    <subfield code="8">REF</subfield>
    <subfield code="a">BFM</subfield>
    <subfield code="b">BFM</subfield>
    <subfield code="c">REF</subfield>
    <subfield code="d">2011-07-25</subfield>
    <subfield code="l">1</subfield>
    <subfield code="o">615 81 STA</subfield>
    <subfield code="p">2414</subfield>
    <subfield code="r">2014-11-06</subfield>
    <subfield code="s">2013-04-12</subfield>
    <subfield code="t">1</subfield>
    <subfield code="w">2011-07-25</subfield>
    <subfield code="y">REF</subfield>
    <subfield code="z">LIBRO DE CONSULTA</subfield>
  </datafield>
</record>
